00570nam a2200205 a 4500001001300000003000900013005001700022008004100039020002300080082001300103100002400116245003900140260004200179300000900221500003500230505003200265650001900297650002400316700002400340nice12345678IN_TiNIC20260116012252.0050524s1983 loua grp 000 0 eng  a0664222 c10000a270bLOE aLoetscher, Lefferts aBrief History of the Presbyterians aLouisvillebWestminister Press c1983 a224p aincludes index and biblioraphy2 aBibliography, Topical Index aChurch-History aPresbyterian Church1 aLoetscher, Lefferts